| 000 | 00506cam a2200205ua 4500 | ||
|---|---|---|---|
| 020 | _c4.25 | ||
| 041 |
_amal _h |
||
| 082 |
_a637.5212 _bGEO/AR |
||
| 100 | _aGeorge, Almedia D. | ||
| 245 |
_aArc weldanam / _cD Almedia George. _hTextual Documents |
||
| 260 |
_aThiruvananthapuram : _bState Instititute of Languages , _c1978. |
||
| 300 | _a ; . | ||
| 365 | _a4.25 | ||
| 504 | _a | ||
| 942 | _cBK | ||
| 999 |
_c4621 _d4621 |
||